Highest Point in Every Country - Statistics

General Stats
  • This quiz has been taken 113 times
  • The average score is 51 of 193
Answer Stats
Hint Answer % Correct
China | Nepal Mount Everest
78%
Pakistan K2
74%
France | Italy Mont Blanc
70%
Argentina Aconcagua
67%
United States Denali
67%
Canada Mount Logan
67%
Kenya Mount Kenya
65%
Portugal Mount Pico
65%
United Kingdom Ben Nevis
63%
Russia Mount Elbrus
61%
Tanzania Mount Kilimanjaro
61%
Turkey Mount Ararat
57%
Cyprus | Greece Mount Olympus
57%
Japan Mount Fuji
54%
Ecuador Chimborazo
52%
Australia Mount Kosciuszko
52%
New Zealand Mount Cook
50%
Vatican City Vatican Hill
50%
Germany Zugspitze
50%
Cameroon Mount Cameroon
48%
Indonesia Puncak Jaya
48%
Austria Grossglockner
46%
Spain Teide
46%
Mexico Pico de Orizaba
43%
Peru Huascarán
41%
Armenia Mount Aragats
41%
Chile Ojos del Salado
41%
Albania | North Macedonia Korab
39%
Iran Mount Damavand
39%
DR Congo | Uganda Mount Stanley
39%
Afghanistan Noshaq
39%
Venezuela Pico Bolívar
39%
Kazakhstan Khan Tengri
37%
Poland Rysy
37%
Slovenia Triglav
37%
Philippines Mount Apo
35%
North Korea Mount Paektu
35%
Papua New Guinea Mount Wilhelm
35%
Bulgaria Musala
35%
Switzerland Dufourspitze
33%
Vietnam Fansipan
33%
India Kanchenjunga
33%
San Marino Monte Titano
33%
Bhutan Gangkhar Puensum
30%
Myanmar Hkakabo Razi
30%
Egypt Mount Catherine
30%
Sao Tome and Principe Pico de Sao Tome
30%
Dominican Republic Pico Duarte
30%
Montenegro Zla Kolata
30%
Antigua and Barbuda Boggy Peak
28%
Croatia Dinara
28%
Liechtenstein Grauspitz
28%
South Korea Hallasan
28%
Morocco Jbel Toubkal
28%
Suriname Julianatop
28%
Hungary Kékes
28%
Luxembourg Kneiff
28%
Bosnia and Herzegovina Maglić
28%
Romania Moldoveanu Peak
28%
Malaysia Mount Kinabalu
28%
Algeria Mount Tahat
28%
Colombia Pico Cristóbal Colón Pico Simón Bolívar
28%
Taiwan Yu Shan
28%
Chad Emi Koussi
26%
Slovakia Gerlachovský štít
26%
Oman Jebel Shams
26%
Sweden Kebnekaise
26%
Seychelles Morne Seychellois
26%
Israel | Syria Mount Hermon
26%
Bolivia Nevado Sajama
26%
Cambodia Phnom Aural
26%
Laos Phou Bia
26%
Cape Verde Pico de Fogo
26%
Georgia Shkhara
26%
Czech Republic Sněžka
26%
Lithuania Aukštojas Hill
24%
Namibia Brandberg Mountain
24%
Belize Doyle’s Delight
24%
Finland Halti
24%
Ukraine Hoverla
24%
Kyrgyzstan Jengish Chokusu
24%
Serbia Midzor
24%
Azerbaijan Mount Bazardüzü
24%
Guyana Mount Roraima
24%
Equatorial Guinea Pico Basile
24%
Brazil Pico da Neblina
24%
Belgium Signal de Botrange
24%
Moldova Balanesti Hill
22%
Jamaica Blue Mountain Peak
22%
Brunei Bukit Pagon
22%
Singapore Bukit Timah
22%
Andorra Coma Pedrosa
22%
Thailand Doi Inthanon
22%
Norway Galdhøpiggen
22%
Madagascar Maromokotro
22%
Mozambique Monte Binga
22%
Bahrain Mountain of Smoke
22%
Central African Republic Mount Ngaoui
22%
Sri Lanka Pidurutalagala
22%
Ethiopia Ras Dejen
22%
Estonia Suur Munamagi
22%
Panama Volcán Baru
22%
Costa Rica Cerro Chirripó
20%
Iraq Cheekha Dar
20%
Tajikistan Ismoil Somoni Peak
20%
United Arab Emirates Jebel Jais
20%
South Africa Mafadi
20%
Comoros Mount Karthala
20%
Cuba Pico Turquino
20%
Lesotho Thabana Ntlenyana
20%
Guatemala Volcán Tajumulco
20%
Turkmenistan Ayribobo
17%
Kiribati Banaba
17%
Nigeria Chappal Waddi
17%
Belarus Dzyarzhynskaya Hara
17%
Saudi Arabia Jabal Soudah
17%
Denmark Møllehøj
17%
Ivory Coast Mont Nimba
17%
Benin Mont Sokbaro
17%
Ghana Mount Afadja
17%
Bahamas Mount Alvernia
17%
St. Lucia Mount Gimie
17%
Burundi Mount Heha
17%
Rwanda Mount Karisimbi
17%
Angola Mount Moco
17%
Samoa Mount Silisili
17%
Fiji Mount Tomanivi
17%
Maldives Mount Villingili
17%
Malta Ta' Dmejrek
17%
Ireland Carrauntoohil
15%
Uruguay Cerro Catedral
15%
Nauru Command Ridge
15%
Latvia Gaizinkalns
15%
Mongolia Khüiten Peak
15%
St. Vincent and the Grenadines La Soufrière
15%
Nicaragua Mogotón
15%
Gabon Mont Bengoué
15%
Dominica Morne Diablotins
15%
Togo Mount Agou
15%
East Timor Mount Tatamailau
15%
Bangladesh Saka Haphong
15%
Netherlands Vaalserberg
15%
Libya Bikku Bitti
13%
Paraguay Cerro Tres Kandú
13%
Eswatini Emlembe
13%
Mali Hombori Tondo
13%
Iceland Hvannadalshnúkur
13%
Jordan Jabal Umm ad Dami
13%
Uzbekistan Khazret Sultan
13%
Republic of the Congo Mont Nabemba
13%
Malawi Mount Mulanje
13%
Burkina Faso Mount Tenakourou
13%
Liberia Mount Wuteve
13%
Djibouti Mousa Ali
13%
Botswana Otse Hill
13%
Haiti Pic la Selle
13%
Mauritius Piton de la Petite Rivière Noire
13%
Qatar Qurayn Abu al Bawl
13%
Lebanon Qurnat as Sawda
13%
El Salvador Cerro El Pital
11%
Honduras Cerro Las Minas
11%
Monaco Chemin des Révoires
11%
Eritrea Emba Soira
11%
Sudan Jabal Marrah
11%
Mauritania Kediet ej Jill
11%
South Sudan Kinyeti
11%
Zambia Mafinga Central
11%
Niger Mont Idoukal-n-Taghès
11%
Palau Mount Ngerchelchuus
11%
Grenada Mount Saint Catherine
11%
Vanuatu Mount Tabwemasana
11%
Kosovo Gjeravica
9%
Yemen Jabal An-Nabi Shu'ayb
9%
Marshall Islands Likiep Atoll
9%
Sierra Leone Mount Bintumani
9%
Barbados Mount Hillaby
9%
St. Kitts and Nevis Mount Liamuiga
9%
Micronesia Mount Nanlaud
9%
Tuvalu Niulakita
9%
Somalia Shimbiris
9%
Tunisia Jebel ech Chambi
7%
Tonga Kao
7%
Zimbabwe Mount Nyangani
7%
Solomon Islands Mount Popomaneseu
7%
Trinidad and Tobago El Cerro del Aripo
4%
Guinea Mont Nimba
4%
Guinea-Bissau Dongol Ronde
2%
No matching quizzes found
Score Distribution
Percent of People with Each Score
Percentile by Number Answered
Your Score History
You have not taken this quiz